000 00699nam a2200289Ia 4500
008 171025s9999 xx 000 0 und d
020 _a9780306819605
050 _a303.48
050 _bC518 2011
100 _aChen, Brian X.
245 _aAlways on /
245 _cBrian X. Chen.
260 _aUSA :
260 _bDa Capo,
260 _c2011
300 _a248 pages :
300 _billustrations ;
300 _c21cm.
500 _aIncludes index.
650 _aiPhone (Smartphone) --
650 _aTechnological innovations --
650 _aTelecommunication --
650 _xSocial aspect.
650 _xSocial aspect.
650 _xSocial aspects.
700 _aTitle.
999 _c344422
_d344422